| 000 | 00542nam a22001817a 4500 | ||
|---|---|---|---|
| 003 | UA-OsUOA | ||
| 001 | 11967 | ||
| 007 | ta | ||
| 008 | 20050413b un ||||| |||| 00| 0 ukr d | ||
| 100 | _aРоговець А.М. | ||
| 942 | _cSA | ||
| 040 |
_aUA-OsUOA _cUA-OsUOA _dUA-OsUOA |
||
| 245 | _aСпрощена система оподаткування малого підприємництва. | ||
| 300 | _aС.24-31 | ||
| 955 | _a0 | ||
| 773 | 0 |
_w0 _tФінанси України _dКиїв _d2005 _g№4 |
|
| 650 | 7 |
_aМалий бізнес _2UDC |
|
| 999 |
_c298128 _d298128 |
||